BEVOR "DAS KAPITAL" ENTSTAND : DIE ENTSTEHUND DER OKONOMISCHEN THEORIE VON KARL MARX /

INCLUYE INDICES

Salvato in:
Dettagli Bibliografici
Autore principale: Tuchscheerer, Walter (autor)
Natura: Libro
Serie:BLATTER FUR DEUTSCHE UND INTERNATIONALE POLITIK
Soggetti:
Tags: Aggiungi Tag
Nessun Tag, puoi essere il primo ad aggiungerne!!

MARC

LEADER 00000nam^a2200000^a^4500
001 000248705
005 20250521000000.0
009 20260310105701.711
035 |a 072406 
037 |a Acervo Xavier Clavigero 
082 |a 335. 412 TUC 
100 |a Tuchscheerer, Walter  |e (autor) 
245 1 0 |a BEVOR "DAS KAPITAL" ENTSTAND :  |b DIE ENTSTEHUND DER OKONOMISCHEN THEORIE VON KARL MARX /  |c WALTER TUCHSCHEERER 
264 |a KOLN :  |b PAHL-RUGENSTEIN,  |c 1968 
300 |a 493 p. 
336 |a texto  |b txt  |2 rdacontenido 
337 |a sin mediación  |b n  |2 rdamedio 
338 |a volumen  |b nc  |2 rdasoporte 
440 |a BLATTER FUR DEUTSCHE UND INTERNATIONALE POLITIK 
520 |a INCLUYE INDICES 
649 |a XX 
650 |a Marxismo 
910 |a Fondo General 
920 |a Impresos - Libros 
930 |a Colección General 
905 |a 101 
901 |a 072406  |b IT1  |c ACC  |i 072406  |u 20250521 
902 |a https://opac.biblio.iteso.mx/vufind/Record/000248705